000 00804nam a22002297a 4500
005 20250813122713.0
008 250813b |||||||| |||| 00| 0 eng d
020 _a81-302-0176-3(hbk)
037 _cREF
040 _aAL
_cAL
041 _2pun
_apun
084 _aQ8441k 153P5;P8.1
_qAL
100 _aਸਿੰਘ, ਜੋਧ
_9817872
245 _aਸਿੱਖ ਧਰਮ ਵਿਸ਼ਕੋਸ਼
260 _aਪਟਿਆਲਾ, ਭਾਰਤ:
_bਪੰਜਾਬੀ ਯੂਨੀਵਰਸਿਟੀ,
_c2008.
300 _a641p.
365 _b700
_cINR
650 _aਧਰਮ
700 _aਸਿੰਘ, ਜੋਧ
_eEditor
_9817873
942 _2CC
_cREF
_hQ8441k 153P5;P8.1
_n0
999 _c1434727
_d1434727